| 000 -LEADER |
| fixed length control field |
00454nam a22001577a 4500 |
| 008 - FIXED-LENGTH DATA ELEMENTS--GENERAL INFORMATION |
| fixed length control field |
151007b xxu||||| |||| 00| 0 eng d |
| 020 ## - INTERNATIONAL STANDARD BOOK NUMBER |
| International Standard Book Number |
0130488402 |
| 041 0# - LANGUAGE CODE |
| Language code of text/sound track or separate title |
eng |
| 080 ## - UNIVERSAL DECIMAL CLASSIFICATION NUMBER |
| Universal Decimal Classification number |
61 |
| 100 1# - Rafti |
| Rafti |
Wingerd, Bruce D. |
| 245 10 - TITLE STATEMENT |
| Title |
Unlocking medical terminology / |
| Statement of responsibility, etc |
Bruce Wingerd. |
| 260 ## - |
| -- |
Upper Saddle River, N.J. : |
| -- |
Pearson/Prentice Hall, |
| -- |
2006. |
| 300 ## - |
| -- |
xxv, 752 f. : |
| -- |
me il.; |
| -- |
28 cm. |
| 650 #0 - |
| -- |
Mjekësi |
| -- |
Terminologji |
| 942 ## - ADDED ENTRY ELEMENTS (KOHA) |
| Source of classification or shelving scheme |
|
| Item type |
Books |